Normal view
MARC view
Entry Topical Term
001 - CONTROL NUMBER
- control field: 86974
003 - CONTROL NUMBER IDENTIFIER
- control field: dpl
005 - DATE AND TIME OF LATEST TRANSACTION
- control field: 20260128145453.0
008 - FIXED-LENGTH DATA ELEMENTS
- fixed length control field: 260128|| aca||aabn | a|a d
040 ## - CATALOGING SOURCE
- Original cataloging agency: dpl
- Transcribing agency: dpl
150 ## - HEADING--TOPICAL TERM
- Topical term or geographic name as entry element: हिन्दी लघुकथाएं
670 ## - SOURCE DATA FOUND
- Source citation: Work cat.: (dpl)214588: पाण्डेय, सौम्या पूर्ति 86973, शुभू का स्कूलःबाल उपन्यास/, 2024
